|
|
|
|
| LEADER |
01294nam a2200289 a 4500 |
| 001 |
11769754 |
| 003 |
BD-DhAAL |
| 008 |
090720s2000 enk b 001 0 eng d |
| 010 |
|
|
|a 99044634
|
| 020 |
|
|
|a 0485121395 (pbk. : alk. paper)
|
| 020 |
|
|
|a 0485115271 (cloth : alk. paper)
|
| 040 |
|
|
|a DLC
|c DLC
|d DLC
|d BD-DhAAL
|
| 082 |
0 |
0 |
|a 616.89
|2 21
|
| 100 |
1 |
|
|a Littlewood, Roland.
|9 57686
|
| 245 |
1 |
0 |
|a Cultural psychiatry and medical anthropology :
|b an introduction and reader /
|c Roland Littlewood and Simon Dein.
|
| 246 |
1 |
4 |
|a Cultural psychiatry & medical anthropology
|
| 260 |
|
|
|a London ;
|a New Brunswick, NJ :
|b Athlone Press,
|c 2000.
|
| 300 |
|
|
|a xi, 398 pages ;
|c 23 cm.
|
| 504 |
|
|
|a Includes bibliographical references and index.
|
| 526 |
|
|
|x Salim khan
Sr. program Associate
James P. Grant School.
Course name and no. N/A
|
| 541 |
1 |
|
|a Book view
|e 00018400
|
| 650 |
|
0 |
|a Cultural psychiatry.
|9 45346
|
| 700 |
1 |
|
|a Dein, Simon,
|d 1959-
|9 57687
|
| 852 |
4 |
|
|a School of Public Health.
|
| 942 |
|
|
|2 ddc
|c BK
|
| 999 |
|
|
|c 2545
|d 2545
|
| 952 |
|
|
|0 0
|1 0
|2 ddc
|4 0
|6 616_890000000000000_LIT
|7 0
|9 2319
|a JPGSPH
|b JPGSPH
|d 2009-04-28
|e Book View
|g 2016.00
|l 0
|o 616.89 LIT
|p 3060018400
|r 2009-07-21
|t 1
|w 2009-07-21
|y BK
|x Requisitioned by Salim khan, Sr. program Associate, James P. Grant School. Course name and no. N/A
|